000 00738nam a2200229 i 4500
001 123646
003 ES-MaACL
005 20251014063201.0
007 t|
008 070214s1971 sp r ||||1| spa d
100 1 _aQuintana Cabanas, José María,
_d1930-2013
_994681
245 1 0 _aPsique
_b: conocer, dirigir y aprovechar la personalidad /
_cJosé María Quintana Cabanas.
250 _a1ª. ed.
260 _aBarcelona :
_bZeus,
_c1971.
300 _a330 p. :
_bil. ;
_c25 cm.
490 1 _aColección "Punto y Seguido"
650 0 7 _aCarácter
_2embne
_910773
650 0 4 _aPersonalidad.
_915971
830 0 _aColección "Punto y Seguido"
_9186604
852 _aES-MaACL
_jC-37368
_bR.77370
999 _c123646
_d123646